El estudio de la humanidad (Registro nro. 5825)
[ vista simple ]
| 000 -LEADER | |
|---|---|
| fixed length control field | 01645 a2200205 4500 |
| 001 - CONTROL NUMBER | |
| control field | 54916 |
| 005 - DATE AND TIME OF LATEST TRANSACTION | |
| control field | 20260407155824.0 |
| 008 - FIXED-LENGTH DATA ELEMENTS--GENERAL INFORMATION | |
| fixed length control field | 260407a1966 arg spa d |
| 003 - CONTROL NUMBER IDENTIFIER | |
| control field | AR-UNSa-BCEJYS |
| 040 ## - CATALOGING SOURCE | |
| Original cataloging agency | AR-UNSa-BCEJYS |
| Language of cataloging | spa |
| Transcribing agency | AR-UNSa-BCEJYS |
| 080 ## - UNIVERSAL DECIMAL CLASSIFICATION NUMBER | |
| Universal Decimal Classification number | 316.42 |
| Common auxiliary subdivision | Cambio social en sociedades globales. Desarrollo social. Sociología del desarrollo (Desarrollo Humano) |
| 100 1# - MAIN ENTRY--PERSONAL NAME | |
| Personal name | Chase, Stuart |
| 245 10 - TITLE STATEMENT | |
| Title | El estudio de la humanidad |
| 264 #1 - PRODUCTION, PUBLICATION, DISTRIBUTION, MANUFACTURE, AND COPYRIGHT NOTICE | |
| Place of production, publication, distribution, manufacture | México : |
| Name of producer, publisher, distributor, manufacturer | Unión Tipográfica Editorial Hispano-Americana (UTEHA) |
| Date of production, publication, distribution, manufacture, or copyright notice | 1966 |
| 300 ## - PHYSICAL DESCRIPTION | |
| Extent | 417 p. |
| Dimensions | 17 cm. |
| 505 ## - FORMATTED CONTENTS NOTE | |
| Formatted contents note | I. ¿Es la ciencia social una ciencia? - II. Escalas científicas - III. Variedades de la ciencia social - IV. Dolores de crecimiento - V. Diecinueve problemas - VI. En busca de aviadores - VII. El concepto de cultura - VIII. El mundo de George Adams - IX. Valores comunes de la humanidad - X. El abismo cultural - XI. Revuelta en el desierto - XII. Los científicos estudian la raza - XIII. Leyes del cambio social - XIV. En lo más recóndito de Middletown - XV. Forma de tratar a los hombres - XVI. Causa y remedio de las huelgas - XVII. La ciencia de las encuestas - XVIII. Etapas del sondeo de la opinión - XIX. ¿Es la economía una ciencia? - XX. Algunos instrumentos económicos - XXI. Dimensiones nuevas - XXII. Reformando a los reformadores - XXIII. El comportamiento de los grupos - XXIV. Notas sobre el comportamiento político - XXV. Cómo aprendemos - XXVI. Las ciencias de la comunicación - XXVII. En el mismo planeta - XXVIII. Hacia una ciencia del hombre |
| 590 ## - LOCAL NOTE (RLIN) | |
| Local note | niveau_biblio:m niveau_hierar:0 |
| 700 1# - ADDED ENTRY--PERSONAL NAME | |
| Personal name | Mateo, Andrés Ma. |
| 942 ## - ADDED ENTRY ELEMENTS (KOHA) | |
| Koha item type | |
| Withdrawn status | Lost status | Damaged status | Not for loan | Home library | Current library | Shelving location | Date acquired | Total checkouts | Full call number | Barcode | Date last seen | Price effective from | Koha item type |
|---|---|---|---|---|---|---|---|---|---|---|---|---|---|
| Biblioteca Prof. Eusebio Cleto del Rey | Biblioteca Prof. Eusebio Cleto del Rey | 07/04/2026 | 316.42 C487 | L21146 | 07/04/2026 | 07/04/2026 | Libro |